| 000 | 00716cab a2200229 4500 | ||
|---|---|---|---|
| 001 | ABS51310 | ||
| 008 | 090401t1994 xxu||||| |||| 00| 0 eng d | ||
| 035 | _a(Sirsi) u21239 | ||
| 041 | _aeng | ||
| 100 | _aGane, D. | ||
| 245 | _aProperty investments : target return analysis | ||
| 260 | _c1994 | ||
| 350 | _a0 | ||
| 490 |
_aEstates Gazette _v(9435) 3 September 1994, 112-114(3) |
||
| 520 | _aContinuation of a debate on the use of discounted cash flow valuation techniques in the analysis of market transactions. (See also Abs50751 & Abs51159) | ||
| 650 | _aDCF | ||
| 650 | _aDISCOUNTED CASH FLOW | ||
| 650 | _aVALUATION METHODS | ||
| 690 | _aRATING AND VALUATION | ||
| 942 | _n0 | ||
| 948 | _c04/03/1997 | ||
| 999 |
_c14257 _d14257 |
||